000 00692cab a2200241 4500
001 X2496
008 090401t1995 xxu||||| |||| 00| 0 eng d
035 _a(Sirsi) u24647
041 _aeng
245 _aCarrel v London Underground Ltd
260 _c1995
350 _a0
490 _aProperty and Compensation Reports
_v(1995) 70 P&CR 135-149(15)
520 _aLT 8 February 1995.
650 _aBLIGHT NOTICES
650 _aCOMPENSATION
650 _aDEEMED WITHDRAWAL OF NOTICE
650 _aTUNNELS
650 _aUNDERGROUND
690 _aENVIRONMENTAL AND LAND CONSULTANCY-PLANNING AND DEVELOPMENT-COMPULSORY PURCHASE AND COMPENSATION
942 _n0
948 _c04/03/1997
999 _c16533
_d16533